Statistics for Top 12 US States to live in

Click here to take the quiz!

General Stats

  • This quiz has been taken 16 times
  • The average score is 9 of 12

Answers on the Map

Answers color-coded by a green-red scale on the quiz's map according to % correct below.
Loading ...
 

Answer Stats

US state% Correct
Washington
100%
Alaska
86%
Idaho
86%
Montana
79%
New york
79%
Vermont
79%
Maine
79%
North Dakota
71%
New Hampshire
71%
Wisconsin
64%
Minnesota
57%
Michigan
57%

Score Distribution

Percentile by Number Answered

Percent of People with Each Score

Your Score History

You have not taken this quiz